Агроэкология: задачи управления стоком в хозяйственной системе гидроэнергетики и ирригации Амударьинсого бассейна; Инженерная экология; № 6

Bibliographic Details
Parent link:Инженерная экология: научно-аналитический журнал.— , 1995-.— 0204-3483
№ 6.— 2004.— С. 54-55
Main Author: Хожанов Н. Н.
Other Authors: Джаманкараев С.
Language:Russian
Published: 2004
Subjects:
Format: MixedMaterials Book Chapter
KOHA link:https://koha.lib.tpu.ru/cgi-bin/koha/opac-detail.pl?biblionumber=395603

MARC

LEADER 00000naa2a2200000 4500
001 395603
005 20231101064641.0
035 |a (RuTPU)RU\TPU\prd\33179 
090 |a 395603 
100 |a 20050228a2004 k y0rusy50 ca 
101 0 |a rus 
102 |a RU 
200 1 |a Агроэкология: задачи управления стоком в хозяйственной системе гидроэнергетики и ирригации Амударьинсого бассейна  |f Н. Н. Хожанов, С. Джаманкараев 
461 1 |0 (RuTPU)RU\TPU\prd\463  |x 0204-3483  |t Инженерная экология  |o научно-аналитический журнал  |d 1995- 
463 1 |0 (RuTPU)RU\TPU\prd\31557  |t № 6  |v С. 54-55  |d 2004 
610 1 |a агроэкология 
610 1 |a стоки 
610 1 |a управление 
610 1 |a гидроэнергетика 
610 1 |a ирригация 
610 1 |a Амударьинский бассейн 
700 1 |a Хожанов  |b Н. Н. 
701 1 |a Джаманкараев  |b С. 
801 1 |a RU  |b 63413507  |c 20050228  |g PSBO 
801 2 |a RU  |b 63413507  |c 20130118  |g RCR 
942 |c BK